Franco y el imperio japonés / (Record no. 179095)

MARC details
000 -LEADER
campo de control de longitud fija 01290nam a2200337 i 4500
001 - NÚMERO DE CONTROL
campo de control 179095
003 - IDENTIFICADOR DE NÚMERO DE CONTROL
campo de control ES-MaACL
005 - FECHA Y HORA DE LA ÚLTIMA TRANSACCIÓN
campo de control 20240219213325.0
008 - DATOS DE LONGITUD FIJA--INFORMACIÓN GENERAL
campo de control de longitud fija 110907s2002 sp acfo |||| |dspa d
020 ## - NÚMERO INTERNACIONAL ESTÁNDAR DEL LIBRO
Número Internacional Estándar del Libro 84-01-53054-7
080 ## - NÚMERO DE LA CLASIFICACIÓN DECIMAL UNIVERSAL
Número de la Clasificación Decimal Universal 327(460:520)"1939/1955"
100 1# - ENTRADA PRINCIPAL--NOMBRE DE PERSONA
Nombre de persona Rodao García, Florentino.
9 (RLIN) 147859
245 10 - MENCIÓN DEL TÍTULO
Título Franco y el imperio japonés /
Mención de responsabilidad, etc. Florentino Rodao ; prólogo de Stanley Payne.
250 ## - MENCION DE EDICION
Mención de edición 1ª ed.
260 ## - PUBLICACIÓN, DISTRIBUCIÓN, ETC.
Lugar de publicación, distribución, etc. Barcelona :
Nombre del editor, distribuidor, etc. Plaza & Janés,
Fecha de publicación, distribución, etc. 2002.
300 ## - DESCRIPCIÓN FÍSICA
Extensión 668 p., 16 p. de lám. fot. ;
Dimensiones 22 cm.
490 1# - MENCIÓN DE SERIE
Mención de serie Así fue: la historia rescatada ;
Designación de volumen o secuencia 49
500 ## - NOTA GENERAL
Nota general Índice.
504 ## - NOTA DE BIBLIOGRAFÍA, ETC.
Nota de bibliografía, etc. Bibliografía: p. 593-[620]
600 14 - PUNTO DE ACCESO ADICIONAL DE MATERIA--NOMBRE DE PERSONA
Nombre de persona Franco Bahamonde, Francisco,
Fechas asociadas al nombre 1892-1975
9 (RLIN) 52240
650 04 - PUNTO DE ACCESO ADICIONAL DE MATERIA--TÉRMINO DE MATERIA
Término de materia o nombre geográfico como elemento de entrada Guerra mundial, 1939-1945-
Subdivisión general Participación española.
9 (RLIN) 13251
651 #4 - PUNTO DE ACCESO ADICIONAL DE MATERIA--NOMBRE GEOGRÁFICO
Nombre geográfico España-
Subdivisión general Política exterior-
Subdivisión cronológica 1939-1955.
9 (RLIN) 8424
651 #4 - PUNTO DE ACCESO ADICIONAL DE MATERIA--NOMBRE GEOGRÁFICO
Nombre geográfico Japón-
Subdivisión general Política exterior-
Subdivisión cronológica 1939-1955.
9 (RLIN) 147860
651 #4 - PUNTO DE ACCESO ADICIONAL DE MATERIA--NOMBRE GEOGRÁFICO
Nombre geográfico Japón-
Subdivisión general Relaciones-
Subdivisión geográfica España.
9 (RLIN) 162370
700 1# - ENTRADA AGREGADA--NOMBRE PERSONAL
Nombre de persona Payne, Stanley G.
9 (RLIN) 89729
830 1# - PUNTO DE ACCESO ADICIONAL DE SERIE-TÍTULO UNIFORME
Título uniforme Así fue: la historia rescatada ;
Designación de volumen o secuencia 49
9 (RLIN) 224398
852 ## - LOCALIZACIÓN
Ubicación ES-MaACL
itemnumber 185965
Sublocalización o colección R.145808
Número de control de estantería A-11483
Signatura antigua Olim: N-4487
Ubicación en estantería Depósito 1
Encuadernación Donación: Editorial
942 ## - ELEMENTOS DE ENTRADA SECUNDARIOS (KOHA)
Fuente del sistema de clasificación o colocación Clasificación decimal universal
Tipo de ítem Koha Libro impreso
Holdings
Estatus retirado Estado de pérdida Fuente del sistema de clasificación o colocación Estado de daño No para préstamo Biblioteca de origen Biblioteca actual Ubicación en estantería Fecha de adquisición Fuente de adquisición Total de préstamos Signatura topográfica completa Código de barras Visto por última vez Precio de reemplazo Tipo de ítem Koha
    Clasificación decimal universal     Biblioteca del Ateneo de Madrid Biblioteca del Ateneo de Madrid Depósito 1 07/09/2011 Donación   A-11483 1188129 23/02/2023 23/02/2023 Libro impreso